000 004420000a22001810004500
003 MACL
005 20151206160331.0
008 151206b xxu||||| |||| 00| 0 eng d
040 _aMACL
_cMACL
041 _aEnglish
082 _a741.642
100 _aGupta, Rupa
_919644
245 _aRomantic Tales From Indian Classics
260 _bHemkunt Press
_c1984
350 _a25
650 _aChildren's Books
_97484
942 _cBK
_k741.642
_2ddc
999 _c6392
_d6392